000 00439nam a2200181Ia 4500
005 20250423100019.0
008 250422s9999 xx 000 0 und d
020 _a9788120326545
050 _aP 121 .A4384/
245 0 _aLinguistics : an introduction to language and communication
250 _a5th ed.
260 _aNew Delhi
260 _bPrentice-Hall
260 _c2001
300 _a604 p
650 _aEnglish
942 _cBK
999 _c32023
_d32023